000 00268nam a22001217a 4500
041 _aENG
100 _aJoshi.S.M
245 _aMaharashtra Loksewa Ayog
260 _aPune
_bPragati Book
_c2001
300 _a7.76
650 _aCompetitive Exam
856 _uCompetitive Exam
999 _c965
_d965